000
00283nam a22001337a 4500
082
_a
823
_b
PAI/T
100
_a
PAI, ANANT
245
_a
TINKLE DIGEST
260
_a
MUMBAI
300
_a
96
520
_a
ENGLISH SHORT STORIES
650
_a
ENGLISH SHORT STORIES
_z
MUMBAI
942
_c
BK
999
_c
5182
_d
5182